Algebraic structures : (Record no. 39446)

MARC details
000 -LEADER
fixed length control field 00700nam a22002057a 4500
005 - DATE AND TIME OF LATEST TRANSACTION
control field 20100805140212.0
010 ## - LCCN (DPL NO)
LC control number ENG-98394
020 ## - INTERNATIONAL STANDARD BOOK NUMBER
International Standard Book Number 9788190993418
Terms of availability 50.00
035 ## - SYSTEM CONTROL NUMBER
System control number EN-81927
037 ## - SOURCE OF ACQUISITION
Source of stock number/acquisition DBAD/PUB
082 ## - DEWEY DECIMAL CLASSIFICATION NUMBER
Classification number 512
100 ## - MAIN ENTRY--PERSONAL NAME
Personal name Selvi, K. Tamil
245 ## - TITLE STATEMENT
Title Algebraic structures :
Statement of responsibility, etc by K.Tamil Selvi
Remainder of title for B.Sc., mathematics major students Madras /
260 ## - PUBLICATION, DISTRIBUTION, ETC. (IMPRINT)
Place of publication, distribution, etc Chennai
Name of publisher, distributor, etc Ganesh Publishers
Date of publication, distribution, etc 2009
270 ## - ADDRESS
Address 15, Thanappa Street, Triplicane
City Chennai
Postal code 600001
300 ## - PHYSICAL DESCRIPTION
Extent 91p.
Dimensions 20cm (pbk)
650 ## - SUBJECT ADDED ENTRY--TOPICAL TERM
Topical term or geographic name as entry element Algebra
942 ## - ADDED ENTRY ELEMENTS (KOHA)
Source of classification or shelving scheme Dewey Decimal Classification
Item type English Books
Classification part 512
Call number suffix SEL
Holdings
Withdrawn status Lost status Not for loan Collection code Home library Current library Date acquired Source of acquisition Cost, normal purchase price Full call number Barcode Copy number Cost, replacement price Koha item type
    Not For Loan Non-fiction D.B.Act.Division D.B.Act.Division 05/08/2010 DBAD/PUB 50.00 512 SEL EN-81927 1 50.00 English Books

© Delhi Public Library
Hit Counter
free hit counter